000 00497nam a2200181Ia 4500
005 20250326124824.0
008 250326s9999 xx 000 0 und d
037 _aTextbook
040 _aFMSL
_beng
_cFMSL
041 _aeng
_2eng
084 _aX:8D K7
_qFMSL
100 _aChiang A C
_9738044
245 0 _aFundamental methods of mathematical economics
_cChiang A C
260 _aNY
_bNY, McGraw-HIll
_c1967
300 _a690p
942 _cTB
_hX:8D K7
999 _c1275371
_d1275371